000 00377nam a2200145Ia 4500
005 20260328101529.0
008 260328s9999||||xx |||||||||||||| ||und||
100 _aBarney Caldas, Benjamín
245 0 _aLas Palabras de la Arquitectura /
_cBenjamín Barney Caldas
250 _a1a ed.
260 _bSPatiño
300 _a178 p.
650 _aARQUITECTURA CIVIL
942 _cBK
999 _c9927
_d9927